[Event "Open A"]
[Site "Graz SUI"]
[Date "2008.08.31"]
[Round "2"]
[White "Mihevc,N"]
[Black "Matosec,T"]
[Result "1-0"]
[WhiteElo "2134"]
[BlackElo "2038"]

1.e4 e6 2.d4 d5 3.Nd2 a6 4.Ngf3 Nf6 5.e5 Nfd7 6.Bd3 c5 7.c3 Nc6 8.O-O g5
9.dxc5 g4 10.Nd4 Ndxe5 11.Be2 Bxc5 12.N2b3 Bd6 13.Bxg4 Qh4 14.Be2 Rg8 15.g3 Bd7
16.f4 Nc4 17.Nf3 Qe7 18.Nbd4 O-O-O 19.b3 N4a5 20.b4 Nc4 21.a4 e5 22.Nxc6 Bxc6
23.fxe5 Nxe5 24.Nd4 Bb8 25.b5 axb5 26.axb5 Bd7 27.Ra8 Bh3 28.Rf2 Nc4 29.Bxc4 dxc4
30.Bf4 Kd7 31.Nc6+ Ke8 32.Qxd8+  1-0

[Event "1st Dragon Capital Vietnam Open"]
[Site "Vung Tau VIE"]
[Date "2008.08.31"]
[Round "7"]
[White "Shanava,K"]
[Black "Goh Weiming"]
[Result "1-0"]
[WhiteElo "2522"]
[BlackElo "2403"]

1.e4 e6 2.d4 d5 3.Nd2 Nc6 4.Ngf3 Nf6 5.e5 Nd7 6.c3 f6 7.Bb5 fxe5 8.dxe5 Be7
9.O-O O-O 10.Qe2 Qe8 11.Re1 Qh5 12.Nf1 a5 13.Ng3 Qf7 14.Bd3 h6 15.Kh1 Rd8
16.Bc2 b6 17.Qd3 Nf8 18.Nd4 Nxd4 19.Qxd4 Kh8 20.Qg4 Bb7 21.Nh5 c5 22.Re3 d4
23.Rh3 d3 24.Bxd3 Ng6 25.Bxh6 Rxd3 26.Bxg7+ Kh7 27.Rxd3 Qxf2 28.Rh3 Nh4 29.Nf4  1-0

[Event "17th CRO-chT 1w"]
[Site "Sibenik CRO"]
[Date "2008.09.02"]
[Round "6"]
[White "Kruljac,N"]
[Black "Grguric,Dar"]
[Result "1/2-1/2"]
[WhiteElo "2121"]
[BlackElo "1896"]

1.e4 e6 2.d4 d5 3.Nd2 a6 4.e5 c5 5.c3 Nc6 6.Ndf3 cxd4 7.cxd4 Nge7 8.Bd3 Nf5
9.Ne2 Be7 10.O-O O-O 11.Bd2 f6 12.exf6 Bxf6 13.Bc3 Re8 14.Nf4 Qd6 15.Nh5 Be7
16.Re1 g6 17.Ng3 Bd7 18.Rc1 Bf6 19.Nxf5 exf5 20.Qd2 Rac8 21.Bc2 b5 22.a3 Kg7
23.Bb3 Re4 24.Bc2 Ree8 25.Bb3 Re4 26.Bc2 Ree8 27.Bb3 Re4  1/2-1/2

[Event "USCL 2008"]
[Site "ICC INT"]
[Date "2008.09.03"]
[Round "2"]
[White "Schneider,Ig"]
[Black "Adamson,R"]
[Result "1/2-1/2"]
[WhiteElo "2338"]
[BlackElo "2346"]

1.e4 e6 2.d4 d5 3.Nd2 Nc6 4.c3 e5 5.exd5 Qxd5 6.Ngf3 exd4 7.Bc4 Qh5 8.O-O Nf6
9.cxd4 Be7 10.Be2 Qf5 11.Nc4 O-O 12.Nce5 Nb4 13.a3 Nbd5 14.Nh4 Qe6 15.Bd3 Qd6
16.Qf3 Be6 17.Nf5 Bxf5 18.Qxf5 Rad8 19.Bg5 c6 20.Rfe1 g6 21.Qf3 Nh5 22.Bh6 Ng7
23.Rad1 Qf6 24.Qg4 Qh4 25.Qxh4 Bxh4 26.Be4 Rfe8 27.g3 Be7 28.h4 Ne6 29.Bg2 Bf6
30.Ng4 Bg7 31.Bxg7 Kxg7 32.Ne3 Nxe3 33.fxe3 Nc7 34.b4 f5 35.Kf2 Nb5 36.Rd3 Rd7
37.Rc1 Nd6  1/2-1/2

[Event "TCh-ESP Hon Gp2"]
[Site "Sabadell ESP"]
[Date "2008.09.03"]
[Round "1"]
[White "Khamrakulov,I"]
[Black "Rivas Pastor,M"]
[Result "1/2-1/2"]
[WhiteElo "2597"]
[BlackElo "2508"]

1.e4 e6 2.d4 d5 3.Nd2 Be7 4.Ngf3 Nf6 5.Bd3 c5 6.exd5 Qxd5 7.dxc5 Nbd7 8.Nb3 Nxc5
9.Nxc5 Qxc5 10.O-O O-O 11.Qe2 b6 12.Be3 Qh5 13.Nd4 Qxe2 14.Bxe2 Nd5 15.Bf3 Bb7
16.c4 Nxe3 17.fxe3 Bxf3 18.gxf3 Rac8 19.b3 Rfd8 20.Rad1 a6 21.Kf2 Kf8 22.f4 g5
23.f5 exf5 24.Nxf5 b5 25.Rxd8+ Rxd8 26.Ke2 bxc4 27.bxc4 Bb4 28.Nd4 Kg7 29.Rc1 Rc8
30.Kd3 Kg6 31.a3 Bc5 32.Rb1 g4 33.Rg1  1/2-1/2

[Event "Open A"]
[Site "Graz SUI"]
[Date "2008.09.05"]
[Round "7"]
[White "Buzeti,J"]
[Black "Matosec,T"]
[Result "1-0"]
[WhiteElo "2175"]
[BlackElo "2038"]

1.e4 e6 2.d4 d5 3.Nd2 Be7 4.Ngf3 Nf6 5.e5 Nfd7 6.Bd3 c5 7.c3 Nc6 8.O-O h5
9.dxc5 Ndxe5 10.Nb3 Nxd3 11.Qxd3 a5 12.Be3 e5 13.Qd2 a4 14.Nc1 Bg4 15.Ne2 Qd7
16.Ne1 Rd8 17.f3 Bf5 18.Rc1 h4 19.Nd3 Qe6 20.Rfd1 Qg6 21.Kh1 f6 22.Nf2 Na5
23.Ng1 Nc4 24.Qe2 Kf7 25.Nfh3 Rhe8 26.Rxd5 Rxd5 27.Qxc4 Be6 28.Qxa4 Red8
29.Nf2 f5 30.c4 R5d7 31.c6 bxc6 32.Qxc6 f4 33.Bb6 Rd2 34.Qe4 Qf6 35.Bxd8 Bxd8
36.Qb7+ Qe7 37.Qxe7+ Bxe7 38.Nd1 Bc5 39.Nh3 Bxc4 40.Ng5+ Kg6 41.Ne4 Re2 42.Ndc3 Bd4
43.Nxe2 Bxe2 44.h3  1-0

[Event "Open A"]
[Site "Graz SUI"]
[Date "2008.09.06"]
[Round "8"]
[White "Brunner,G"]
[Black "Spelec,D"]
[Result "1-0"]
[WhiteElo "2009"]
[BlackElo "1997"]

1.e4 e6 2.d4 d5 3.Nd2 Nc6 4.Ngf3 Nf6 5.e5 Nd7 6.Be2 f6 7.exf6 Qxf6 8.c3 Bd6
9.O-O O-O 10.Nb3 h6 11.Be3 Ne7 12.Qd2 Ng6 13.g3 b6 14.Ne1 e5 15.dxe5 Ndxe5
16.Qxd5+ Be6 17.Qg2 Qf7 18.Rd1 Rad8 19.f4 Nc4 20.Bc1 Qd7 21.Qe4 Qf7 22.f5 Bc5+
23.Nxc5 Rxd1 24.Nxe6 Nd6 25.Qc2 Rxe1 26.Rxe1  1-0

[Event "5th LGA Premium Cup"]
[Site "Nuernberg GER"]
[Date "2008.09.06"]
[Round "4"]
[White "Promyshlyanskiy,V"]
[Black "Steinmueller,A"]
[Result "1/2-1/2"]
[WhiteElo "2245"]
[BlackElo "2066"]

1.e4 e6 2.d4 d5 3.Nd2 Nc6 4.Ngf3 Nf6 5.e5 Nd7 6.b3 f6 7.exf6 Qxf6 8.Bb2 a6
9.Ne5 Ndxe5 10.dxe5 Qf7 11.Nf3 Bc5 12.Qd2 Rf8 13.Bd3 Qh5 14.O-O Rxf3 15.Be2 Nxe5
16.Bxe5 Qxe5 17.Bxf3 Bd6 18.g3 Qf6 19.Qe2 c6 20.Bg2 Bd7 21.Qh5+ g6 22.Qxh7 O-O-O
23.Qh6 Rh8 24.Qe3 e5 25.h4 Bf5 26.Qd2 e4 27.Rfe1 Be5 28.Rad1 Bg4 29.c4 Bxd1
30.Rxd1 Rf8 31.Qe2 Bd4 32.Rf1  1/2-1/2

[Event "TCh-ESP Hon Gp2"]
[Site "Sabadell ESP"]
[Date "2008.09.06"]
[Round "4"]
[White "Alonso Moyano,J"]
[Black "Rivas Pastor,M"]
[Result "1/2-1/2"]
[WhiteElo "2372"]
[BlackElo "2508"]

1.e4 e6 2.d4 d5 3.Nd2 Be7 4.Bd3 Nc6 5.c3 dxe4 6.Nxe4 e5 7.dxe5 Nxe5 8.Bb5+ c6
9.Qxd8+ Kxd8 10.Be2 Bf5 11.Ng3 Nd3+ 12.Bxd3 Bxd3 13.Bf4 Ke8 14.O-O-O Bc4
15.Nf5 g6 16.Nxe7 Nxe7 17.b3 Bd5 18.f3 f6 19.c4 Be6 20.Ne2 Kf7 21.Nd4 Bc8
22.g4 h5 23.g5 fxg5 24.Bxg5 Re8 25.Rhe1 Nf5 26.Rxe8 Kxe8 27.Ne2 Be6 28.Nf4 Kf7
29.Nd3 Re8 30.Ne5+ Kg7 31.Rd8 Rxd8 32.Bxd8 Nd6 33.Be7 Nf7 34.Nxf7  1/2-1/2

[Event "I Liga Seniorow"]
[Site "Ustron POL"]
[Date "2008.09.06"]
[Round "1"]
[White "Kucypera,M"]
[Black "Cherednichenko,S"]
[Result "1-0"]
[WhiteElo "2081"]
[BlackElo "2237"]

1.e4 e6 2.d4 d5 3.Nd2 a6 4.c3 c5 5.Ngf3 Nc6 6.exd5 exd5 7.dxc5 Bxc5 8.Nb3 Ba7
9.Bd3 Bg4 10.O-O h6 11.Re1+ Nge7 12.Bc2 O-O 13.Be3 Bb8 14.Qd3 Bf5 15.Qd2 Bg4
16.Qd3 Bf5 17.Qd2 Bxc2 18.Qxc2 Qc7 19.a4 b6 20.Rad1 Rd8 21.g3 Ng6 22.Bd4 Ba7
23.h4 Qd7 24.Qd3 Qg4 25.Nh2 Qh3 26.Qf1 Qc8 27.Qg2 Qd7 28.Qf3 Nxd4 29.Nxd4 Bb8
30.Ng4 h5 31.Ne3 Qh3 32.Nxd5 Bxg3 33.fxg3 Rxd5 34.Qxd5 Qxg3+ 35.Qg2 Qb8 36.Nc6 Qf8
37.Qg5 Rc8 38.Ne7+  1-0

[Event "Liga Nacional Ajedrez"]
[Site "Villa Martelli ARG"]
[Date "2008.09.06"]
[Round "5"]
[White "Labollita,M"]
[Black "Iermito,S"]
[Result "0-1"]
[WhiteElo "2413"]
[BlackElo "2385"]

1.e4 e6 2.d4 d5 3.Nd2 Nc6 4.Ngf3 Nf6 5.e5 Nd7 6.Nb3 a5 7.a4 b6 8.Bb5 Ncb8
9.h4 Ba6 10.Bxa6 Nxa6 11.Rh3 c5 12.c3 Qc7 13.Ng5 h6 14.Nxf7 Kxf7 15.Qh5+ Kg8
16.Rf3 cxd4 17.Qf7+ Kh7 18.cxd4 Bb4+ 19.Kf1 Nf8 20.Qh5 Qc2 21.Bxh6 Qg6 22.Qxg6+ Nxg6
23.Bg5 Be7 24.Bxe7 Nxe7 25.Rc1 Rac8 26.Rfc3 Rxc3 27.bxc3 Rc8 28.Ke2 Rc4 29.Kd3 Rxa4
30.Nd2 Ra3 31.Nf3 Nb4+ 32.Kd2 Ra2+ 33.Kd1 Nd3  0-1

[Event "5th LGA Premium Cup"]
[Site "Nuernberg GER"]
[Date "2008.09.07"]
[Round "6"]
[White "Wagner,Fl"]
[Black "Meinhardt,Ma"]
[Result "0-1"]
[WhiteElo "2213"]
[BlackElo "2366"]

1.e4 e6 2.d4 d5 3.Nd2 Nc6 4.Ngf3 Nf6 5.e5 Nd7 6.c4 dxc4 7.Nxc4 Nb6 8.a3 Ne7
9.Be2 Nxc4 10.Bxc4 Bd7 11.O-O h6 12.b4 Bc6 13.b5 Bd5 14.Be2 Qd7 15.Qa4 Nc8
16.Ne1 Be4 17.Be3 Nb6 18.Qb3 Be7 19.Nd3 Qd5 20.Qd1 Bg5 21.Nb4 Qd8 22.Qb3 Nd5
23.Nxd5 Bxd5 24.Bxg5 Qxg5 25.Qg3 Qxg3 26.hxg3 O-O-O 27.f4 Be4 28.Rfd1 h5
29.Kf2 Rd5 30.Rd2 h4 31.a4 hxg3+ 32.Kxg3 Rhd8 33.Rad1 c5 34.bxc6 bxc6 35.Bf3 Bxf3
36.Kxf3 Ra5 37.Ra2 Kc7 38.Rd3 Rb8 39.Ke3 Rb4 40.Rda3 Rd5 41.Rd2 Ra5 42.Rda2 Rd5
43.Rd2 Ra5 44.Rda2 Kb6 45.g3 g6 46.Ra1 a6 47.R1a2 Rd5 48.Rd3 Rd7 49.Ra1  0-1

[Event "USCL 2008"]
[Site "ICC INT"]
[Date "2008.09.08"]
[Round "3"]
[White "Shmeliov,D"]
[Black "Schneider,Ig"]
[Result "1/2-1/2"]
[WhiteElo "2349"]
[BlackElo "2338"]

1.e4 e6 2.d4 d5 3.Nd2 a6 4.Ngf3 c5 5.exd5 exd5 6.dxc5 Bxc5 7.Nb3 Bb6 8.Be2 Nc6
9.O-O Qd6 10.Bg5 Nge7 11.c3 h6 12.Bxe7 Nxe7 13.Nbd4 Bg4 14.Qd3 O-O 15.Rfe1 Ng6
16.g3 Rad8 17.Bf1 Qf6 18.Re3 h5 19.h4 Ne7 20.Rae1 Nf5 21.Re5 Nxg3 22.fxg3 Qxf3
23.Qxf3 Bxf3 24.Re7 Bxd4+ 25.cxd4 b5 26.Be2 Bxe2 27.R1xe2 Rd6 28.Rc7 g6 29.Kf2 Rf6+
30.Kg2 Rd8 31.b3 Kg7 32.Ree7 Rdd6 33.Red7 Rxd7 34.Rxd7 Rc6 35.a4 Rc2+ 36.Kh3 Rb2
37.Rxd5 Rxb3 38.Rd6 bxa4 39.Rxa6 a3 40.d5 Rd3 41.Kg2 Rxd5 42.Rxa3 Rd2+ 43.Kf3 Rd6
44.Rb3 Rf6+ 45.Kg2 Rf5 46.Rc3 Ra5 47.Kf3 g5 48.hxg5 Rxg5  1/2-1/2

[Event "Open"]
[Site "Herzliya ISR"]
[Date "2008.09.09"]
[Round "6"]
[White "Givon,A"]
[Black "Porat,Dan"]
[Result "1-0"]
[WhiteElo "2030"]
[BlackElo "2233"]

1.e4 e6 2.d4 d5 3.Nd2 Be7 4.c3 Nf6 5.e5 Nfd7 6.f4 c5 7.Ndf3 Nc6 8.a3 c4 9.h4 Nf8
10.h5 h6 11.Ne2 Kd7 12.g4 b5 13.Bh3 Na5 14.O-O Nb3 15.Rb1 Kc6 16.Nd2 Nxd2
17.Bxd2 f5 18.Kh2 Qe8 19.b3 Kc7 20.b4 Rg8 21.Ng3 g6 22.Rg1 Bh4 23.Qf3 Bxg3+
24.Rxg3 gxh5 25.gxf5 Rxg3 26.Qxg3 exf5 27.Qg7+ Kd8 28.Be1 Ng6 29.Qf6+ Ne7
30.Bh4 Bd7 31.Rg1 a5 32.Rg7 axb4 33.Rxe7  1-0

[Event "FSGM September"]
[Site "Budapest HUN"]
[Date "2008.09.10"]
[Round "5"]
[White "Wittmann,W"]
[Black "Berczes,D"]
[Result "0-1"]
[WhiteElo "2272"]
[BlackElo "2458"]

1.e4 e6 2.d4 d5 3.Nd2 Be7 4.Bd3 c5 5.dxc5 Nf6 6.Qe2 Nc6 7.Ngf3 a5 8.O-O O-O
9.a4 Nb4 10.e5 Nd7 11.Nb3 Nxd3 12.cxd3 Nxc5 13.Nxc5 Bxc5 14.Be3 d4 15.Bg5 Qd5
16.Nd2 f5 17.f4 Bd7 18.Rf3 h6 19.Bh4 b5 20.Rg3 Kh7 21.axb5 Bxb5 22.Rh3 Rfc8
23.Nf3 Kg8 24.Rg3 Qe4 25.Qf2 Qxf4 26.Rg6 Qe3 27.Rxe6 Kf7 28.Rd6 Bxd6 29.exd6 Rc1+
30.Rxc1 Qxc1+ 31.Ne1 Qe3 32.Nf3 Rc8 33.h3 Rc2 34.Qxe3 dxe3 35.Nd4 Rc1+ 36.Kh2 Bd7
37.Bg3 g5 38.Be5 Rc5  0-1

[Event "61st ch-RUS HL"]
[Site "Novokuznetsk RUS"]
[Date "2008.09.10"]
[Round "7"]
[White "Sjugirov,S"]
[Black "Potkin,V"]
[Result "1-0"]
[WhiteElo "2545"]
[BlackElo "2629"]

1.e4 e6 2.d4 d5 3.Nd2 a6 4.Ngf3 c5 5.exd5 exd5 6.dxc5 Bxc5 7.Nb3 Bb6 8.Bg5 f6
9.Bf4 Nc6 10.Bd3 Qe7+ 11.Be2 g5 12.Bd2 g4 13.Nh4 f5 14.g3 Nf6 15.O-O Bd7
16.Bf4 O-O-O 17.Qd3 Nh5 18.Nxf5 Qf8 19.Bd6 Qxf5 20.Qxa6 Bc7 21.Qa8+ Nb8 22.Na5 Bc6
23.Nxc6 bxc6 24.Bxc7 Kxc7 25.Rfe1 Rhe8 26.Bd3 Qc8 27.Qa7+ Qb7 28.Qd4 Nd7
29.Bxh7 Nhf6 30.Qf4+ Kb6 31.Bg6 Rxe1+ 32.Rxe1  1-0

[Event "TCh-SRB 1st League"]
[Site "Subotica SRB"]
[Date "2008.09.10"]
[Round "9"]
[White "Todorovic,GM"]
[Black "Drasko,M"]
[Result "1/2-1/2"]
[WhiteElo "2479"]
[BlackElo "2508"]

1.e4 e6 2.d4 d5 3.Nd2 Be7 4.e5 c5 5.Qg4 Bf8 6.dxc5 Qc7 7.Ngf3 Nd7 8.Nb3 Nxe5
9.Nxe5 Qxe5+ 10.Be3 Nf6 11.Bb5+ Bd7 12.Bxd7+ Nxd7 13.O-O-O Be7 14.h4 O-O
15.Bd4 f5 16.Qf3 Qe4 17.Qg3 e5 18.f3 f4 19.Qh3 Qf5 20.Qxf5 Rxf5 21.Bf2 d4
22.c3  1/2-1/2

[Event "XXV Aniversario"]
[Site "Parla ESP"]
[Date "2008.09.11"]
[Round "6"]
[White "Cabrera Trujillo,J"]
[Black "Herraiz Hidalgo,H"]
[Result "1/2-1/2"]
[WhiteElo "2423"]
[BlackElo "2507"]

1.e4 e6 2.d4 d5 3.Nd2 Be7 4.Bd3 c5 5.dxc5 Nf6 6.exd5 Qxd5 7.Ngf3 Nbd7 8.O-O Nxc5
9.Bc4 Qd6 10.Nb3 Qc7 11.Qd4 Nxb3 12.axb3 a6 13.Bf4 Qc5 14.Qc3 O-O 15.Ne5 Nd5
16.Qg3 Nxf4 17.Qxf4 Bd6 18.Rfe1 Qc7 19.Qe4 Bxe5 20.Qxe5 Qxe5 21.Rxe5 Bd7
22.b4  1/2-1/2

[Event "4th ch-EU"]
[Site "Liverpool ENG"]
[Date "2008.09.12"]
[Round "4"]
[White "Radovanovic,J"]
[Black "Lam,P"]
[Result "1-0"]
[WhiteElo "2325"]
[BlackElo "2104"]

1.d4 e6 2.e4 d5 3.Nd2 Nc6 4.Ngf3 Nf6 5.e5 Nd7 6.Be2 f6 7.exf6 Nxf6 8.O-O Bd6
9.c4 O-O 10.c5 Be7 11.Bb5 Bd7 12.Re1 Ng4 13.Nf1 Bh4 14.Be3 Nxe3 15.Nxe3 Rxf3
16.gxf3 Qg5+ 17.Ng2 Rf8 18.Bxc6 bxc6 19.Re5 Qg6 20.Kh1 Bf6 21.Re3 Bg5 22.f4 Bxf4
23.Nxf4 Rxf4 24.Qe2 Qf6 25.Rg1 Rxf2 26.Qg4 Rf4 27.Qg5 Qxg5 28.Rxg5 Rxd4 29.Ra3 Kf7
30.Rf3+ Kg8 31.Re5 Rc4 32.Re2 h6 33.Ra3 Rxc5 34.Rxa7 Kf8 35.a4 d4 36.b4 Rc1+
37.Kg2 d3 38.Rf2+ Ke7 39.Kf3 Rc2 40.Ke3 Rc3 41.Rd2 c5 42.bxc5 Rxc5 43.Rxd3 e5
44.a5 Bb5 45.Ra3 Rc2 46.a6 Rxh2 47.Rxc7+ Kd6 48.Rcc3 Rh3+ 49.Kd2 Rxc3 50.Kxc3 Bc6
51.a7 Ba8 52.Rb3 h5 53.Rb8 Bf3 54.a8=Q Bxa8 55.Rxa8 Ke6 56.Rf8 g5 57.Kd3 h4
58.Ke4 h3 59.Rh8 g4 60.Rh4  1-0

[Event "7th Georgiev - Kesarovski Mem"]
[Site "Sunny Beach BUL"]
[Date "2008.09.12"]
[Round "6"]
[White "Nikolov,J"]
[Black "Todorov,O"]
[Result "1/2-1/2"]
[WhiteElo "2096"]
[BlackElo "2318"]

1.e4 e6 2.d4 d5 3.Nd2 a6 4.Ngf3 c5 5.exd5 exd5 6.Be2 Nc6 7.O-O c4 8.Re1 Be7
9.c3 Nf6 10.b3 cxb3 11.axb3 O-O 12.Qc2 Bg4 13.Ne5 Bxe2 14.Nxc6 bxc6 15.Rxe2 Re8
16.Nf3 Ne4 17.Ne5 Qb6 18.f3 Nf6 19.Bg5 h6 20.Bh4 c5 21.dxc5  1/2-1/2

[Event "DMP Ekstraliga"]
[Site "Karpacz POL"]
[Date "2008.09.13"]
[Round "8"]
[White "Warakomski,T"]
[Black "Kuzmicz,K"]
[Result "1/2-1/2"]
[WhiteElo "2502"]
[BlackElo "2400"]

1.e4 e6 2.d4 d5 3.Nd2 Nc6 4.Ngf3 Nf6 5.e5 Nd7 6.Bb5 Be7 7.O-O O-O 8.Nb3 f6
9.exf6 Nxf6 10.Bxc6 bxc6 11.Ne5 Qe8 12.Re1 Ba6 13.Nc5 Bxc5 14.dxc5 Nd7 15.Qd4 Nxe5
16.Rxe5 Qg6 17.Rg5 Qf6 18.Be3 Qxd4 19.Bxd4 g6 20.Rg3 Rf4 21.Rd1 Re4 22.Ra3 Be2
23.Rd2 Bb5 24.f3 Re1+ 25.Kf2 Rf1+ 26.Kg3 Re1 27.Ra5 e5 28.Bc3 Re3 29.Rf2 d4
30.Bd2 Re2 31.b3 e4 32.Rxe2 Bxe2 33.fxe4 a6 34.Ra4 Rd8 35.Ba5 Rd7 36.Kf2 Bb5
37.Rb4 Rf7+ 38.Kg3 d3 39.cxd3 Bxd3 40.Rd4 Bb1 41.a3 Bc2 42.Rb4 Rd7 43.Kf4 Kf7
44.Rb7 Re7 45.e5 g5+ 46.Kxg5 Rxe5+ 47.Kf4 Rxc5 48.Rxc7+ Kg6 49.Bb4 Rf5+ 50.Ke3 Bxb3
51.Rxc6+ Rf6 52.Rc7 Ba4 53.g4 h5 54.Bc3 Re6+ 55.Kf4 hxg4 56.Rg7+ Kh6 57.Rxg4 Bc2
58.Be5 Rc6 59.Ke3 Bg6 60.Kd4 Bf7 61.Rg7 Be6 62.Rg2 Rc4+ 63.Kd3 Rc6 64.Bf4+ Kh7
65.Ke4 Rc5 66.Rb2 Rb5 67.Rf2 Ra5 68.Bd6 Kg6 69.Be7 Rf5 70.Rd2 Kf7 71.Bd6 Rh5
72.Rf2+ Ke8 73.Rf8+ Kd7 74.Be5 Rh4+ 75.Bf4 Rh3 76.Bg3 Rh5 77.Rf1 Ra5 78.Rd1+ Ke8
79.Bd6 Bf5+ 80.Kf4 Be6 81.Bb4 Rd5 82.Re1 Kf7 83.Rc1 a5 84.Bc5 Rh5 85.Rc2 a4
86.Bb4 Bd7 87.Be1 Rf5+ 88.Ke4 Rf1 89.Re2 Bb5 90.Rf2+ Rxf2 91.Bxf2  1/2-1/2

[Event "XXV Aniversario"]
[Site "Parla ESP"]
[Date "2008.09.13"]
[Round "8"]
[White "Fernandez Garcia,I"]
[Black "Ferreira,H"]
[Result "0-1"]
[WhiteElo "1988"]
[BlackElo "2151"]

1.e4 e6 2.d4 d5 3.Nd2 Nc6 4.c3 e5 5.exd5 Qxd5 6.Qf3 Qxf3 7.Ngxf3 exd4 8.cxd4 Nb4
9.Kd1 Bf5 10.Bb5+ c6 11.Ba4 O-O-O 12.a3 Nd3 13.Rf1 Nf4 14.Bc2 Bg4 15.h3 Be6
16.Ne4 Ng6 17.b4 Be7 18.Re1 Bd5 19.Be3 Nf6 20.Ned2 Rhe8 21.Bf5+ Kc7 22.Kc2 h6
23.Kc3 Bd6 24.Bxg6 fxg6 25.Ne5 Bxg2 26.Nxg6 Nd5+ 27.Kb2 Bxh3 28.Nc4 Bf5 29.Nge5 Bf8
30.Bd2 g5 31.Rh1 Bg7 32.Be3 b5 33.Na5 Rxe5 34.dxe5 Bxe5+ 35.Ka2 Nxe3  0-1

[Event "II ROMGAZ Open"]
[Site "Bucharest ROU"]
[Date "2008.09.14"]
[Round "4"]
[White "De Groote,E"]
[Black "Economescu,V"]
[Result "0-1"]
[WhiteElo "2251"]
[BlackElo "2130"]

1.e4 e6 2.d4 d5 3.Nd2 Be7 4.Ngf3 Nf6 5.e5 Nfd7 6.Bd3 c5 7.c3 Nc6 8.a3 a5
9.O-O cxd4 10.cxd4 Qb6 11.Re1 Nxd4 12.Nxd4 Qxd4 13.Nf3 Qb6 14.Qa4 Kf8 15.Be3 Qd8
16.b4 h6 17.Rec1 g6 18.Bb5 Nb6 19.Bxb6 Qxb6 20.bxa5 Rxa5 21.Qf4 Rxb5 22.Rxc8+ Kg7
23.Rcc1 Rc5 24.Rcb1 Qc7 25.a4 Rc8 26.h4 Rc4 27.Qd2 Rc2 28.Qd3 h5 29.Rb3 Rc1+
30.Rxc1 Qxc1+ 31.Kh2 Rc7 32.g3 Qa1 33.Qd4 Qa2 34.Rb2 Qc4 35.Qb6 Qc6 36.Qb3 Qc4
37.Qb6 Qc5 38.Ng5 Qxb6 39.Rxb6 Bxg5 40.hxg5 Kf8 41.Kg2 Ke7 42.a5 Kd7 43.Kf3 Kc8
44.a6 bxa6 45.Rxa6 Kb7 46.Rd6 Kc8 47.Ke3 Rc3+ 48.Ke2 Rc4 49.f3 Rc2+ 50.Ke3 Ra2
51.Rb6 Kc7 52.Rb4 Kc6 53.Rf4 Ra3+ 54.Kd2 Ra7 55.Kc3 Kc5 56.Kd3 d4 57.Rxd4 Ra3+
58.Ke4 Rxf3 59.Rd7 Rxg3 60.Rxf7 Rg4+  0-1

[Event "4th Pichay Cup"]
[Site "Manila PHI"]
[Date "2008.09.14"]
[Round "1"]
[White "Maga,M"]
[Black "Gomez,Joh"]
[Result "0-1"]
[WhiteElo "2256"]
[BlackElo "2457"]

1.e4 e6 2.d4 d5 3.Nd2 Be7 4.e5 c5 5.dxc5 Bxc5 6.Nb3 Bb6 7.Qg4 g6 8.Nf3 Nc6
9.c3 f6 10.Bb5 Bd7 11.O-O Qe7 12.Re1 a6 13.Ba4 f5 14.Qg3 Qg7 15.Be3 Bxe3
16.Rxe3 b5 17.Nc5 bxa4 18.Nb7 h6 19.h4 Nge7 20.Nd6+ Kf8 21.Rd1 Kg8 22.b4 axb3
23.axb3 Kh7 24.c4 Rhf8 25.Qf4 a5 26.Nb7 Rfb8 27.Nc5 Bc8 28.Ne1 d4 29.Re2 g5
30.Qh2 gxh4 31.Nf3 Ng6 32.Nxd4 Nxd4 33.Rxd4 a4 34.Rd3 Qa7  0-1

[Event "4th Pichay Cup"]
[Site "Manila PHI"]
[Date "2008.09.16"]
[Round "5"]
[White "Fernandez,Ern"]
[Black "Sadorra,J"]
[Result "0-1"]
[WhiteElo "2398"]
[BlackElo "2470"]

1.e4 e6 2.d4 d5 3.Nd2 Nc6 4.Ngf3 Nf6 5.e5 Nd7 6.c3 f6 7.exf6 Qxf6 8.Qb3 Bd6
9.Bd3 O-O 10.Nf1 Bf4 11.Bxf4 Qxf4 12.Ne3 Nf6 13.h3 Bd7 14.O-O-O Be8 15.Qc2 Bh5
16.Rhg1 Ne4 17.Rde1 Bg6 18.Kb1 h5 19.Ka1 a6 20.Re2 b5 21.Rge1 b4 22.Nd2 bxc3
23.bxc3 Nxc3 24.Qxc3 Bxd3 25.Qxd3 Nxd4 26.Nxd5 exd5 27.Re5 Rab8 28.Rxd5 Qxf2
29.Rc1 Ne2 30.Qc4 Qf7 31.Rf1 Nf4 32.Rg5 Qxc4 33.Nxc4 Rb5 34.Ne5 h4 35.Rg4 Rxe5
36.Rfxf4 g5 37.Rxf8+ Kxf8 38.g3 Re1+ 39.Kb2 Re2+ 40.Kb1 Rg2 41.Rxg5 Rxg3
42.Ra5 Rxh3 43.Rxa6 Ke7 44.Rh6 Rh1+ 45.Kb2 h3 46.a4 Kd7 47.Ka2 Kc8 48.Kb2 Kb8
49.Ka2 h2 50.Rh8+ Kb7 51.Kb2 Kb6 52.Ka2 c5  0-1

[Event "EYg16"]
[Site "Herceg Novi MNE"]
[Date "2008.09.18"]
[Round "4"]
[White "Anusca,M"]
[Black "Vericeanu,I"]
[Result "1-0"]
[WhiteElo "1949"]
[BlackElo "1811"]

1.e4 e6 2.d4 d5 3.Nd2 Nc6 4.c3 e5 5.Bb5 dxe4 6.Bxc6+ bxc6 7.Qe2 f5 8.dxe5 a5
9.f3 Ba6 10.Qe3 Qd5 11.fxe4 Qxe5 12.Ngf3 Qe7 13.Nd4 g6 14.Nxc6 Qe6 15.Nd4 Qe7
16.e5 Bh6 17.Qf3 Bxd2+ 18.Bxd2 Qh4+ 19.g3 Qe4+ 20.Qxe4 fxe4 21.Ne6 Bb7 22.Nxc7+ Kd7
23.Nxa8 e3 24.Bxe3  1-0

[Event "4th ch-EU"]
[Site "Liverpool ENG"]
[Date "2008.09.18"]
[Round "10"]
[White "Brown,Mart"]
[Black "Fowler,S"]
[Result "0-1"]
[WhiteElo "2072"]
[BlackElo "2256"]

1.e4 e6 2.d4 d5 3.Nd2 Nc6 4.Ngf3 Nf6 5.e5 Nd7 6.Be2 f6 7.exf6 Qxf6 8.Nf1 Bd6
9.Ne3 O-O 10.O-O Qg6 11.c4 Nf6 12.c5 Be7 13.Bb5 Bd7 14.Bxc6 Bxc6 15.Ne5 Qe8
16.N3g4 b6 17.Nxc6 Qxc6 18.Ne5 Qe8 19.c6 Bd6 20.Re1 Bxe5 21.dxe5 Nh5 22.Qd4 g6
23.Bh6 Ng7 24.Bxg7 Kxg7 25.Rac1 Rf5 26.g3 Qe7 27.Rf1 Raf8 28.b4 Qg5 29.Rce1 Rf3
30.a4 R8f4 31.Qb2 Qg4 32.Rb1 Rf5 33.Rfe1 Qh3 34.Re3 Rxf2 35.Qxf2 Rxf2 36.Kxf2 Qf5+
37.Rf3 Qc2+ 38.Ke3 Qxb1 39.Rf4 Qb3+ 40.Kf2 Qb2+ 41.Kg1 Qxe5 42.b5 Qe3+ 43.Kg2 d4
44.Kh3 d3 45.a5 d2 46.a6 Qxf4  0-1

[Event "I Tancats B"]
[Site "Canovelles ESP"]
[Date "2008.09.21"]
[Round "9"]
[White "Rios,Al"]
[Black "Almeida Toledano,D"]
[Result "0-1"]
[WhiteElo "2340"]
[BlackElo "2303"]

1.e4 e6 2.d4 d5 3.Nd2 Be7 4.Ngf3 Nf6 5.e5 Nfd7 6.Be2 c5 7.c3 b6 8.Nf1 Ba6
9.Ng3 O-O 10.h4 f5 11.exf6 Nxf6 12.Ng5 Qd6 13.Bxa6 Nxa6 14.Qe2 Nc7 15.Bd2 Rae8
16.O-O-O Qc6 17.Kb1 Bd6 18.f4 h6 19.Nf3 Ne4 20.Nxe4 dxe4 21.Ne5 Bxe5 22.dxe5 Rd8
23.Rde1 Rd3 24.Bc1 Nd5 25.Qg4 b5 26.Ka1 b4 27.c4 Nb6 28.Qg6 Nxc4 29.Rxe4 Rd4
30.Ree1 Nd2 31.Rh3 Qe8 32.Qc2 Qd7 33.Re2 Rd8 34.b3 Qd5 35.Rg3 Ne4 36.Rf3 Rd1
37.Qxe4 Rxc1+ 38.Kb2 Qd1 39.Ref2 Ra1  0-1

[Event "EYb18"]
[Site "Herceg Novi MNE"]
[Date "2008.09.23"]
[Round "8"]
[White "Rasulov,Vu"]
[Black "Stupak,K"]
[Result "1-0"]
[WhiteElo "2392"]
[BlackElo "2458"]

1.e4 e6 2.d4 d5 3.Nd2 Nc6 4.Ngf3 Nf6 5.e5 Nd7 6.c4 dxc4 7.Nxc4 Nb6 8.Nxb6 axb6
9.Bd3 Bb4+ 10.Bd2 Bxd2+ 11.Qxd2 Ne7 12.O-O Bd7 13.Qf4 h6 14.Qg4 Bc6 15.Rfd1 Bxf3
16.Qxf3 c6 17.Qg4 g6 18.a3 h5 19.Qf4 Nd5 20.Qg3 b5 21.Be4 Nb6 22.Rac1 Ra4
23.Qf4 Nd5 24.Qd2 Ne7 25.Rc3 Nf5 26.Rd3 Qe7 27.Qc2 O-O 28.Bxf5 exf5 29.g3 Rd8
30.Qc5 Qe6 31.d5 cxd5 32.Rxd5 Rxd5 33.Qxd5 Qxd5 34.Rxd5 b4 35.Rd4 Kf8 36.f4 b5
37.Rxb4  1-0

[Event "EYg18"]
[Site "Herceg Novi MNE"]
[Date "2008.09.24"]
[Round "9"]
[White "Kalashyan,V"]
[Black "Hortensius,L"]
[Result "1/2-1/2"]
[WhiteElo "2049"]
[BlackElo "2028"]

1.e4 e6 2.d4 d5 3.Nd2 Nc6 4.Ngf3 Nf6 5.e5 Nd7 6.c3 f6 7.exf6 Qxf6 8.Nb3 h6
9.Be3 Bd6 10.Bd3 O-O 11.Bc2 Nb6 12.Qd3 Qf5 13.Qe2 Qf6 14.O-O-O e5 15.dxe5 Nxe5
16.Nxe5 Qxe5 17.g4 Nc4 18.Qd3 Qe4 19.Qxe4 dxe4 20.Bd4 Bf4+ 21.Kb1 e3 22.Bd3 Nd2+
23.Nxd2 exd2 24.h3 Be6 25.Be4 c6 26.b3 a6 27.Bb6 Rae8 28.Bc5 Rf6 29.Bd4 Rff8
30.Bc5 Rf6 31.Bd4 Rff8 32.Bc5  1/2-1/2

[Event "EYb14"]
[Site "Herceg Novi MNE"]
[Date "2008.09.24"]
[Round "9"]
[White "Galopoulos,P"]
[Black "Pintor Munoz,A"]
[Result "0-1"]
[WhiteElo "2003"]
[BlackElo "2076"]

1.e4 e6 2.d4 d5 3.Nd2 Nc6 4.c3 e5 5.Ngf3 exd4 6.exd5 Qxd5 7.Bc4 Qf5 8.cxd4 Be6
9.O-O O-O-O 10.Qa4 Kb8 11.Re1 Nf6 12.Bxe6 fxe6 13.Nc4 Bd6 14.Be3 Nd5 15.a3 g5
16.b4 Rhg8 17.b5 Nce7 18.Qb3 Nf4 19.Nfe5 Ka8 20.b6 cxb6 21.a4 Bxe5 22.Nxe5 Neg6
23.Ra2 Nxe5 24.dxe5 Qxe5 25.a5 bxa5 26.Rb1 Qd5  0-1

[Event "TCh-NED 2008-9"]
[Site "Netherlands NED"]
[Date "2008.09.27"]
[Round "1"]
[White "Ris,R"]
[Black "De Jager,J"]
[Result "0-1"]
[WhiteElo "2415"]
[BlackElo "2361"]

1.e4 e6 2.d4 d5 3.Nd2 Be7 4.Ngf3 Nf6 5.Bd3 c5 6.e5 Nfd7 7.c3 Nc6 8.O-O a5
9.Re1 cxd4 10.cxd4 Qb6 11.Nb1 Nxd4 12.Nxd4 Qxd4 13.Nc3 Bc5 14.Nb5 Qxf2+ 15.Kh1 O-O
16.Bg5 Bb6 17.Qh5 g6 18.Qh6 Bd8 19.Bxd8 Rxd8 20.Rf1 Qxb2 21.Rae1 Rf8 22.Nc7 Nxe5
23.Bb1 Rb8 24.Qf4 Nc6 25.Ne8 f5 26.Nc7 Qf6 27.Qd6 Rd8 28.Qc5 Kf7 29.Bc2 Qe7
30.Qe3 Qxc7 31.g4 Kg8 32.gxf5 exf5 33.Qg5 Qf7 34.h4 Be6 35.h5 Rf8 36.hxg6 hxg6
37.Rg1 Kg7  0-1